000 01835nam a2200265 a 4500
001 BRCA_8491
003 FranzMayer
005 20230724102901.0
008 290416s1785----sp-#######---#000-0#spa-#
040 _aMFM
_bESP
_cMFM
041 _aspa
044 _asp
084 _aBE6
_b.J93 1785
100 1 _aJuan Francisco
_921282
245 1 0 _aSermones panegiricos de los santos más celebrados en la iglesia
_ccompuestos por el R. P. Juan Francisco ; traducidos del francés al castellano por el R. P. Fr. Isidro Antonio Hurtado.
260 _aMadrid
_bPor Blas Román
_c1785
300 _a400 p. (t.3)
_c21 x 15 cm.
500 _aEn portada : ´Con una tabla de los pensamientos, y materias contenidas respectivamente en cada tomo, para uso de los Predicadores, hecha por el Autor de la Obra, y acomodada por el Traductor´
500 _aCon marca de fuego : ´Procedencia de la marca: Convento de Santa Teresa Jesús de Querétaro(1). Institución: Orden de Carmelitas Descalzos. Provincia de San Alberto de México. Descripción: Variación sobre las armas de la Orden del Monte Carmelo. Un mantel sumado de una cruz patada y cargado de una letra capital Q. Al timbre, corona real abierta. Observaciones: Esta marca conserva tres elementos del escudo carmelita: la cruz, el mantel / monte y la corona de tres florones, simplificación de la de 12 estrellas (sentido místico del Apocalipsis) (2) ---------- En 2006 Fermín Campos sugirió que la inicial Q es la sigla de la palabra ´Querétaro´. Ubicación de la marca en el libro: Canto superior´
650 1 4 _aSermones españoles
_921283
700 1 _aHurtado, Isidro Antonio
_cFray
_etr.
_921284
856 _ahttp://www.marcasdefuego.buap.mx:8180/xmLibris/projects/firebrand/item.jsp?repository=marcas_de_fuego&key=1cac16ac.xml&num=19
902 _aCFM
942 _2lcc
_cB
999 _c8158
_d8158